02191nam a22001937a 4500003000900000005001700009008004100026040001300067100004300080245007300123260002100196300001200217490004300229520149400272942001201766999001901778952010001797952010001897IT-RoPau20220918181221.0140531b xxu||||| |||| 00| 0 eng d cIT-RoPau aPie Discepole del Divin Maestro928122 aLa vita in Cristo e nella Chiesa 1971bRivista mensile Anno XX. 1971 aRomabPDDMc1971 c26,5 cm aLa vita in Cristo e nella Chiesav1971 aElenco autori Gennaio 1971 Paolo VI - Colacrai - Roatta - Mazzarello - Mignone - Barra - Esposito - Giovannini e Javellana - Guerrieri - Javellana Febbraio 1971 Morelli - Colacrai - P. Roatta - Mancini - Spoletini - Gasparino - Ciccolini - Barra - Guerrieri Marzo 1971 Morelli - Colacrai - Roatta - M. L. Ricci - Farina - Raffa F. D. P. - Penna - Mons. Mignone - Ferraris - Esposito - Barra - Ghirelli - Guerrieri Aprile 1971 Morelli - Coloacrai - Roatta - Travella - Bressan F. D. P. - Marsili o.s.b. - Mazzarello - Tarzia - Barra - Tonello Maggio 1971 Morelli - Colacrai - Roatta - Oberto - Cristelli - Marciano - Giovannini - Esposito - Tarzia - M. L. Ricci - Barra - Guerrieri Giugno-Luglio 1971 Morelli - Colacrai - Roatta - De Benedictus - Spoletini - Farina - Corsatto - Mancini - M. L. Ricci - Barra - Marciano - Esposito - Tonello - Guerrieri Agosto-Settembre 1971 Morelli - La Redazione - S. M. - Esposito - Roatta - M. L. Ricci - Farina - Morelli - De Rosa - Bertasio - Sr. M. Letizia - Rani - Barra - Guerrieri - Mancini Ottobre 1971 Morelli - Colacrai - Roatta - Rolfo - M. L. Ricci - Mazzarello - Mignone - Pasquali - Spoletini - Esposito - M. F. Marchegiani - Marciano - Guerrieri Novembre 1971 Morelli - Roatta - Colacrai - La Redazione - Roatta - da Lovere - Esposito - M. F. Marchegiani - Guerrieri - Farina Dicembre 1971 Morelli - Colacrai - Spoletini - Mignone - Paolucci - Corsatto - Giacomo Alberione - J. Ricci - Esposito - Mancini - Morelli - Mazzarello  2ddccBK c104411d104411 00102ddc406P_D671aPAULUSbPAULUSd2014-05-31l0oP D6r2014-05-31 00:00:00w2014-05-31yBK 00102ddc406P_D771aPAULUSbPAULUSd2014-07-08l0oP D7r2014-07-08 00:00:00w2014-07-08yBK